Śmieszne odpowiedzi w teleturniejach - Statystyki

Ogólne statystyki
  • Ten quiz został rozwiązany 33 razy
  • Średni wynik to 7 z 18
Statystyki odpowiedzi
Pytanie Odpowiedź % Poprawnych
O_cią_anie obciąganie
94%
Więcej niż jedno zwierzę to... lama
87%
Więcej niż jedno zwierzę to... owca
74%
Jaki przedmiot szkolny najmniej przydaje się w życiu? kanapka
61%
Co golimy? odbyt
55%
Jak z francuskiego nazywa się nadwozie samochodu? podwozie
48%
Słowo na ć ćmiel
45%
Imię męskie na literę O Oliwia
39%
Czy Seradela to roślina czy ryba? tak
35%
Co robi się z mleka? płatki śniadaniowe
29%
Jakie zwierzę widnieje na kostiumie Batmana? jamnik
26%
Który kontynent jest najmniejszy? Najmniejszy jest Watykan/Watykan
23%
Kl_n_k_samotn___ser_ klinika samotnego sera
16%
D_br_ pr_c_ n_s wzb_g_c_ Dobry proch nos wzbogaca
13%
B______w Linda (aktor) Bolesław Linda
10%
B______w Linda (aktor) Bronisław Linda
10%
_c_w_t r_w_r_w_ n_ b_d_n uchwyt rowerowy na budyń
6%
Imię na m Muszyński Jan
3%
Nie znaleziono quizów pasujących do podanych kryteriów
Rozkład punktacji
Procent ludzi z każdym wynikiem
Percentyl według liczby udzielonych odpowiedzi
Twoja historia wyników
Nie rozwiązałeś tego quizu